Juventus all time xi - Statistics

General Stats
  • This quiz has been taken 144 times
  • The average score is 5 of 11
Answer Stats
Hint Answer % Correct
GK(Italy) Gianluigi Buffon
100%
DF(Italy) Giorgio Chiellini
85%
FW(Italy) Alessandro Del Piero
83%
DF(France) Lilian Thuram
78%
MF(France) Michel Platini
50%
FW(Italy) Roberto Baggio
45%
DF(Italy) Gaetano Scirea
30%
MF(Argentina) Omar Sívori
23%
FW(Italy Giampiero Boniperti
18%
MF(Italy) Marco Tardelli
17%
DF(Italy) Anronio Cabrini
16%
No matching quizzes found
Score Distribution
Percent of People with Each Score
Percentile by Number Answered
Your Score History
You have not taken this quiz